Academias de historia de México : (Record no. 255)

MARC details
000 -CABECERA
campo de control de longitud fija 00638nam a2200181 a 4500
005 - FECHA Y HORA DE LA ÚLTIMA TRANSACCIÓN
campo de control 20220523133554.0
008 - ELEMENTOS DE LONGITUD FIJA--INFORMACIÓN GENERAL
campo de control de longitud fija 991125s1951 mx 000 0 spa u
035 ## - NÚMERO DE CONTROL DEL SISTEMA
Número de control de sistema UPN01000000255
049 ## - COLECCIÓN
Colección LT
050 #4 - SIGNATURA TOPOGRÁFICA DE LA BIBLIOTECA DEL CONGRESO
Número de clasificación LB1642 M6.1
Número de documento/Ítem G6.2
100 1# - ASIENTO PRINCIPAL--NOMBRE PERSONAL
Nombre de persona González Blackaller, Ciro E.
9 (RLIN) 28542
245 10 - MENCIÓN DE TÍTULO
Título Academias de historia de México :
Resto del título primer curso de la segunda enseñanza /
Mención de responsabilidad, etc. C. E. González Blackaller y Luis Guevara Ramírez.
260 ## - PUBLICACIÓN, DISTRIBUCIÓN, ETC.
Lugar de publicación, distribución, etc. México :
Nombre del editor, distribuidor, etc. ElySan,
Fecha de publicación, distribución, etc. 1951.
300 ## - DESCRIPCIÓN FÍSICA
Extensión 152 p. :
Otras características físicas il.
651 #4 - ASIENTO SECUNDARIO DE MATERIA - NOMBRE GEOGRAFICO
Nombre geográfico México
Subdivisión general Historia
-- Estudio y enseñanza (Secundaria)
9 (RLIN) 9913
700 1# - ASIENTO SECUNDARIO--NOMBRE DE PERSONAL
Nombre de persona Guevara Ramírez, Luis
Término indicativo de función/relación coaut.
9 (RLIN) 28757
905 ## - TIPO DE MATERIAL
Tipo de material Libro
Holdings
Estado de retiro Estado de pérdida Fuente del sistema de clasificación o colocación Estado dañado No para préstamo Código de colección Localización permanente Ubicación/localización actual Ubicación en estantería Fecha de adquisición Clasificación Código de barras Fecha visto por última vez Número de copia Tipo de ítem Koha
    Library of Congress Classification   Disponible (Préstamo en sala) Libros de texto Bib. Gregorio Torres Quintero Bib. Gregorio Torres Quintero Colecciones especiales Planta alta 25/05/2023 LB1642 M6.1 G6.2 131375 31/12/2020 1 Libro
    Library of Congress Classification   Disponible (Préstamo en sala) Libros de texto Bib. Gregorio Torres Quintero Bib. Gregorio Torres Quintero Colecciones especiales Planta alta 25/05/2023 LB1642 M6.1 G6.2 122154 31/12/2020 1 Libro